foreign experts in China / (Record no. 586512)
[ view plain ]
| 000 -LEADER | |
|---|---|
| fixed length control field | 00304nam a22001097a 4500 |
| 040 ## - CATALOGING SOURCE | |
| Transcribing agency | NUST CL |
| 082 ## - DEWEY DECIMAL CLASSIFICATION NUMBER | |
| Classification number | 951.0099 |
| Author Mark | BOS |
| 245 ## - TITLE STATEMENT | |
| Title | foreign experts in China / |
| Statement of responsibility, etc. | Liang Boshu. |
| 260 ## - PUBLICATION, DISTRIBUTION, ETC. | |
| Name of publisher, distributor, etc. | Huang Shan Publishing House, |
| Date of publication, distribution, etc. | 2016. |
| 300 ## - PHYSICAL DESCRIPTION | |
| Extent | 150 pages : portraits (some color) ; 23 cm |
| 942 ## - ADDED ENTRY ELEMENTS (KOHA) | |
| Source of classification or shelving scheme | |
| Koha item type | Book |
| Withdrawn status | Lost status | Source of classification or shelving scheme | Damaged status | Not for loan | Permanent Location | Current Location | Shelving location | Date acquired | Full call number | Barcode | Date last seen | Price effective from | Koha item type |
|---|---|---|---|---|---|---|---|---|---|---|---|---|---|
| Central Library (CL) | Central Library (CL) | Chinese Studies | 10/06/2021 | 951.0099 FOR | CL-D-1286 | 10/14/2021 | 10/14/2021 | Book | |||||
| Central Library (CL) | Central Library (CL) | Chinese Studies | 10/06/2021 | 951.0099 FOR | CL-D-1287 | 10/04/2023 | 10/14/2021 | Book |
